000 00562nam a22002057a 4500
005 20260530150326.0
008 260530b |||||||| |||| 00| 0 eng d
020 _a9783110652673
_c3169.11
040 _aMAIN
041 _aEnglish
082 _a830.9
_bTRA
100 _aHemecker, Wilhelm (ed)
_926948
245 _aTradition in der Literatur der Wiener Moderne
260 _aBerlin
_bDe Gruyter
_c2019
300 _a309
650 _aGerman Language
700 _aMitterer, Cornelius (ed)
_926949
700 _aOsterle, David (ed)
_926950
942 _cBK
999 _c60928
_d60928